000 00340nam a2200145Ia 4500
008 191201s2010 xx 000 0 und d
020 _a9789332542525
100 _aMORRISMANO, M
245 0 _aDigital Logic and Computer Design
250 _aRev
260 _c2010
_bPearson
_aN. Delhi
300 _a612
650 _aMCA
942 _2ddc
_cBB
999 _c7378
_d7378